|
|
|
|
| LEADER |
02280cam a2200361 i 4500 |
| 008 |
750811m19761983enka b 001 0 eng |
| 010 |
|
|
|a 75321430
|
| 015 |
|
|
|a GB***
|
| 020 |
|
|
|a 0416130402(v.3):£10.50(v.3).0416813801pbk.(v.3)
|
| 043 |
|
|
|a e-uk---
|a n-us---
|
| 082 |
0 |
0 |
|a 822/.009
|
| 245 |
0 |
4 |
|a The Revels history of drama in English /
|c general editors, Clifford Leech & T. W. Craik.
|
| 260 |
|
|
|a London :
|b Methuen ;
|a [New York] :
|b distributed by Harper and Row Publishers, Barnes and Noble Import Division,
|c 1976-1983.
|
| 300 |
|
|
|a 8 v. :
|b ill. ;
|c 24 cm.
|
| 500 |
|
|
|a Includes index.
|
| 504 |
|
|
|a Bibliography: v. 3, p. [475]-508.
|
| 505 |
0 |
|
|a v. 1. Cawley, A.C. et al. Medieval drama.--v. 2. Norman Sanders et al. 1500-1576.--v. 3. Barroll, J.L. et al. 1576-1613.--v. 4. 1613-1660.--v. 5. 1660-1750.--v. 6. Booth, M.R. et al. 1750-1880.--v. 7. Hunt, H., Richards, K., Taylor, J.R. 1880 to the present day.--v. 8. Bogard, T. et al. American drama.
|
| 650 |
|
0 |
|a American drama
|x History and criticism.
|
| 650 |
|
0 |
|a English drama
|x History and criticism.
|
| 650 |
|
0 |
|a Theater
|z English-speaking countries
|x History.
|
| 700 |
1 |
|
|a Barroll, J. Leeds
|
| 700 |
1 |
|
|a Booth, Michael R.
|
| 700 |
1 |
|
|a Craik, T. W.
|
| 700 |
1 |
|
|a Leech, Clifford.
|
| 906 |
|
|
|a 7
|b cbc
|c orignew
|d 3
|e ncip
|f 19
|g y-gencatlg
|
| 942 |
|
|
|c BK
|
| 999 |
|
|
|c 200000
|d 200000
|
| 952 |
|
|
|0 0
|1 0
|4 0
|6 822_090000000000000_BAR_R
|7 0
|9 221357
|a ENG
|b ENG
|c REF
|d 2017-05-19
|h v3
|i 11497
|l 0
|o 822.09 BAR/R
|p ENG11497
|r 2017-05-19
|w 2018-08-21
|y REF
|
| 952 |
|
|
|0 0
|1 0
|4 0
|6 822_090000000000000_CAW_R
|7 0
|9 221358
|a ENG
|b ENG
|c REF
|d 2017-07-31
|h v1
|i 13243
|l 0
|o 822.09 CAW/R
|p ENG13243
|r 2017-07-31
|w 2018-08-21
|y REF
|
| 952 |
|
|
|0 0
|1 0
|4 0
|6 822_090000000000000_EDW_R
|7 0
|9 221359
|a ENG
|b ENG
|c REF
|d 2017-07-31
|h v4
|i 13245
|l 0
|o 822.09 EDW/R
|p ENG13245
|r 2017-07-31
|w 2018-08-21
|y REF
|
| 952 |
|
|
|0 0
|1 0
|4 0
|6 822_090000000000000_LOF_R
|7 0
|9 221360
|a ENG
|b ENG
|c REF
|d 2017-07-31
|h v5
|i 11012
|l 0
|o 822.09 LOF/R
|p ENG11012
|r 2017-07-31
|w 2017-07-31
|y REF
|
| 952 |
|
|
|0 0
|1 0
|4 0
|6 822_090000000000000_SAN_R
|7 0
|9 221361
|a ENG
|b ENG
|c REF
|d 2017-07-31
|h v2
|i 13244
|l 0
|o 822.09 SAN/R
|p ENG13244
|r 2017-07-31
|w 2017-07-31
|y REF
|
| 952 |
|
|
|0 0
|1 0
|4 0
|6 822_090000000000000_BOO_R
|7 0
|9 221362
|a ENG
|b ENG
|c REF
|d 2017-07-31
|h v6
|i 9896
|l 0
|o 822.09 BOO/R
|p ENG9896
|r 2017-07-31
|w 2017-07-31
|y REF
|